| 000 | 00652cam a22002411 4500 | ||
|---|---|---|---|
| 001 | sa 68008310 | ||
| 003 | DLC | ||
| 005 | 20260227112531.0 | ||
| 008 | 781106s1967 pk 000 0 eng | ||
| 010 | _asa 68008310 | ||
| 025 | _aPL480:P-E-1257 | ||
| 035 | _a(OCoLC)4348980 | ||
| 040 |
_aDLC _cMH _dDLC |
||
| 050 | 0 | 0 |
_aHN40.M6 _bB32 |
| 082 | 0 | 0 | _a309.1/176/7 |
| 100 | 1 | _aBasharat Ali, M. | |
| 245 | 1 | 0 |
_aMuslim social philosophy, _cby Basharat Ali. |
| 250 | _a[1st ed.] | ||
| 260 |
_aKarachi, _bJamiyatul Falah Publications _c[1967] |
||
| 300 |
_aviii, 295 p. _c24 cm. |
||
| 650 | 0 | _aIslamic sociology. | |
| 650 | 0 | _aIslam and social problems. | |
| 999 |
_c82353 _d82353 |
||